Who Won It? - Soccer Players - Statistics

General Stats
  • This quiz has been taken 112 times
    36 since last reset
  • The average score is 5 of 8
Answer Stats
Question Answer % Correct
Who has won the FIFA World Cup? Thomas Müller
97%
Who has won the Premier League? Sergio Aguero
88%
Who has won the Ballon D'or? Zinedine Zidane
88%
Who has won the UEFA Champions League? Ronaldinho
79%
Who has won the Puskas Award? Zlatan Ibrahimovic
58%
Who has won Serie A? Diego Maradona
55%
Who has won LaLiga? David Beckham
52%
Who has won the World Cup Golden Boot? Gary Lineker
30%
No matching quizzes found
Score Distribution
Percent of People with Each Score
Percentile by Number Answered
Your Score History
You have not taken this quiz since the last reset